Handbook of public communication of science and technology (Registro nro. 7494)

Detalles MARC
000 -CABECERA
Campo de control 00782nam a22002177a 4500
005 - FECHA Y HORA DE LA ULTIMA TRANSACCION
Campo de control 20161030020002.0
008 - ELEMENTOS DE LONGITUD FIJA—INFORMACION GENERAL
Campo de control 090512s2008 enk rf 001 0 eng d
020 ## - ISBN
ISBN 9780415386173
041 0# - IDIOMA
Código de idioma para texto/pista de sonido o título separado Inglés
044 ## - PAÍS DE PUBLICACIÓN
País de publicación Estados Unidos
082 04 - NUMERO DE CLASIFICACION DECIMAL DEWEY
Número de clasificación 302.23
Número del ítem B918h
245 00 - MENCION DE TITULO
Título Handbook of public communication of science and technology
Mención de responsabilidad edited by Massimiano Bucchi and Brian Trench
260 ## - PUBLICACION, DISTRIBUCION, ETC. (PIE DE IMPRENTA)
Lugar de publicación, distribución, etc. London ;
-- New York
Nombre del editor, distribuidor, etc. Routledge
-- Taylor & Francis Group
Fecha de publicación, distribución, etc. 2008.
300 ## - DESCRIPCION FISICA
Extensión xiii, 263 p.
Dimensiones 25 cm.
504 ## - NOTA DE BIBLIOGRAFIA, ETC.
Nota de bibliografía Incluye referencias bibliográficas e índice.
650 14 - ASIENTO SECUNDARIO DE MATERIA - TERMINO TEMATICO
Término temático o nombre geográfico como elemento de entrada Comunicación científica
Subdivisión de forma Manuales
650 24 - ASIENTO SECUNDARIO DE MATERIA - TERMINO TEMATICO
Término temático o nombre geográfico como elemento de entrada Redacción de escritos técnicos
Subdivisión de forma Manuales
700 1# - ASIENTO SECUNDARIO - NOMBRE PERSONAL
Nombre personal Bucchi, Massimiano
Fechas asociadas con el nombre 1970-
Término de relación ed.
700 1# - ASIENTO SECUNDARIO - NOMBRE PERSONAL
Nombre personal Trench, Brian
Término de relación ed.
942 ## - ELEMENTOS ADICIONALES (KOHA)
Sistema de clasificación Dewey Decimal Classification
Tipo de ítem Impreso
Koha issues (borrowed), all copies 3
Existencias
Withdrawn status Lost status Sistema de Clasificación Damaged status No para préstamo Colección Inventariado Ubicación Permanente Ubicación actual Fecha de adquisición Fuente de Valor Valor Total Checkouts Número topográfico Inventario / Código de Barras Date last seen Date checked out Ejemplar Price effective from Tipo de material
    Dewey Decimal Classification     General Inventariado 2017 Bogotá Bogotá 31/07/2013 Instituto 39000.00 3 LB-302.23 B918h 028725 11/11/2016 29/10/2016 Ej. 1 31/07/2013 Libro